Pays : Armes à feu par habitant - Statistiques

Statistiques générales
  • Ce quiz a été pris 571 fois
    468 depuis la dernière actualisation
  • Le résultat moyen est 4 sur 12
Statistiques - réponses
Armes à feu pour 100 hab. Pays % Correct
88,8 Etats-Unis
97%
30,8 Canada
65%
34,2 Irak
45%
35,0 Arabie Saoudite
32%
54,8 Yémen
26%
34,2 Finlande
21%
31,6 Suède
20%
31,3 Norvège
19%
58,2 Serbie
17%
30,4 Autriche
7%
31,8 Uruguay
7%
36,4 Chypre
5%
Aucun quiz correspondant
Distribution des résultats
% des personnes avec chaque résultat
Percentile par nombre de réponses
Votre historique - résultats
Vous n’avez pas pris ce quiz depuis la dernière actualisation